Comunicado conjunto

Uloženo v:
Podrobná bibliografie
Médium: Text
Tagy: Přidat tag
Žádné tagy, Buďte první, kdo vytvoří štítek k tomuto záznamu!

MARC

LEADER 00000 a a2200000 04500
001 18152
003
040
245 |a Comunicado conjunto  
773 |g número 27 -28; páginas 237-241  
999 |c 30794  |d 30794